| 000 | 00436cam a2200181ua 4500 | ||
|---|---|---|---|
| 001 | 4491 | ||
| 008 | 181004n1990 II |||gr||||Z||||||asm | ||
| 040 | _aMAIN | ||
| 041 | _aEnglish | ||
| 041 | _aasm | ||
| 082 | _a320.3 CHA | ||
| 100 | _aCHAKRAVARTY, ADYA NATH. | ||
| 245 | _aSNATAK MAHALAR TULANAMULAK SARKAR | ||
| 260 |
_aGUWAHATI _bJYOTI PRAKASHAN _c1990 |
||
| 300 |
_a83.: _c20CM. |
||
| 653 | _aCOMPARATIVE GOVERNMENT | ||
| 942 | _cBK | ||
| 999 |
_c4478 _d4478 |
||